| 000 -LEADER |
| fixed length control field |
01479cam a2200397 a 4500 |
| 001 - CONTROL NUMBER |
| control field |
14631154 |
| 005 - DATE AND TIME OF LATEST TRANSACTION |
| control field |
20221005154733.0 |
| 008 - FIXED-LENGTH DATA ELEMENTS--GENERAL INFORMATION |
| fixed length control field |
061113s2007 enka b 001 0 eng |
| 010 ## - LIBRARY OF CONGRESS CONTROL NUMBER |
| LC control number |
2006037470 |
| 015 ## - NATIONAL BIBLIOGRAPHY NUMBER |
| National bibliography number |
GBA754925 |
| Source |
bnb |
| 016 7# - NATIONAL BIBLIOGRAPHIC AGENCY CONTROL NUMBER |
| Record control number |
013533396 |
| Source |
Uk |
| 020 ## - INTERNATIONAL STANDARD BOOK NUMBER |
| International Standard Book Number |
0415770955 (hbk.) |
| 020 ## - INTERNATIONAL STANDARD BOOK NUMBER |
| International Standard Book Number |
0203960955 (ebk.) |
| 020 ## - INTERNATIONAL STANDARD BOOK NUMBER |
| International Standard Book Number |
9780415770958 (hbk.) |
| 020 ## - INTERNATIONAL STANDARD BOOK NUMBER |
| International Standard Book Number |
9780203960950 (ebk.) |
| 035 ## - SYSTEM CONTROL NUMBER |
| System control number |
(OCoLC)ocm76416542 |
| 040 ## - CATALOGING SOURCE |
| Original cataloging agency |
DLC |
| Transcribing agency |
DLC |
| Modifying agency |
BTCTA |
| -- |
BAKER |
| -- |
BWKUK |
| -- |
YDXCP |
| -- |
UKM |
| -- |
BWK |
| -- |
DLC |
| 043 ## - GEOGRAPHIC AREA CODE |
| Geographic area code |
a-cc--- |
| 050 00 - LIBRARY OF CONGRESS CALL NUMBER |
| Classification number |
LA1131.82 |
| Item number |
.E375 2007 |
| 082 00 - DEWEY DECIMAL CLASSIFICATION NUMBER |
| Classification number |
370.9510904 |
| Author Mark |
EDU |
| 245 00 - TITLE STATEMENT |
| Title |
Education and reform in China / |
| Statement of responsibility, etc. |
edited by Emily Hannum and Albert Park. |
| 260 ## - PUBLICATION, DISTRIBUTION, ETC. |
| Place of publication, distribution, etc. |
London ; |
| -- |
New York : |
| Name of publisher, distributor, etc. |
Routledge, |
| Date of publication, distribution, etc. |
2007. |
| 300 ## - PHYSICAL DESCRIPTION |
| Extent |
xx, 282 p. : |
| Other physical details |
ill. ; |
| Dimensions |
24 cm. |
| 440 #0 - SERIES STATEMENT/ADDED ENTRY--TITLE |
| Title |
Critical Asian scholarship |
| 9 (RLIN) |
99145 |
| 504 ## - BIBLIOGRAPHY, ETC. NOTE |
| Bibliography, etc. note |
Includes bibliographical references and index. |
| 650 #0 - SUBJECT ADDED ENTRY--TOPICAL TERM |
| Topical term or geographic name entry element |
Education |
| Geographic subdivision |
China |
| General subdivision |
History |
| Chronological subdivision |
20th century. |
| 9 (RLIN) |
99146 |
| 650 #0 - SUBJECT ADDED ENTRY--TOPICAL TERM |
| Topical term or geographic name entry element |
Education and state |
| Geographic subdivision |
China. |
| 9 (RLIN) |
99147 |
| 651 #0 - SUBJECT ADDED ENTRY--GEOGRAPHIC NAME |
| Geographic name |
China |
| General subdivision |
History |
| Chronological subdivision |
Cultural Revolution, 1966-1976. |
| 9 (RLIN) |
99148 |
| 653 1# - INDEX TERM--UNCONTROLLED |
| Uncontrolled term |
China |
| 700 1# - ADDED ENTRY--PERSONAL NAME |
| Personal name |
Hannum, Emily. |
| 9 (RLIN) |
99149 |
| 700 1# - ADDED ENTRY--PERSONAL NAME |
| Personal name |
Park, Albert, |
| Dates associated with a name |
1966- |
| 9 (RLIN) |
99150 |
| 856 41 - ELECTRONIC LOCATION AND ACCESS |
| Materials specified |
Table of contents only |
| Uniform Resource Identifier |
<a href="http://www.loc.gov/catdir/toc/ecip075/2006037470.html">http://www.loc.gov/catdir/toc/ecip075/2006037470.html</a> |
| 906 ## - LOCAL DATA ELEMENT F, LDF (RLIN) |
| a |
7 |
| b |
cbc |
| c |
orignew |
| d |
1 |
| e |
ecip |
| f |
20 |
| g |
y-gencatlg |
| 942 ## - ADDED ENTRY ELEMENTS (KOHA) |
| Source of classification or shelving scheme |
|
| Koha item type |
Book |